| 000 | 00398nam a22001577a 4500 | ||
|---|---|---|---|
| 003 | ASAB | ||
| 005 | 20180827062621.0 | ||
| 008 | 150414t xxu||||| |||| 00| 0 eng d | ||
| 020 | _a019920439x | ||
| 040 | _cASAB | ||
| 100 |
_aAdrian Slater _9966 |
||
| 245 |
_aPlant Biotechnology _bThe Genetic manipulation of plants |
||
| 250 | _asecond edition | ||
| 300 | _axxii, 376 p. : | ||
| 942 |
_2ddc _cBK |
||
| 999 |
_c480029 _d480029 |
||